[Event "Groningen"]
[Site "Groningen"]
[Date "1992.??.??"]
[Round "2"]
[White "Gurevich, Mikhail"]
[Black "Rozentalis, Eduardas"]
[Result "1/2-1/2"]
[WhiteElo "2625"]
[BlackElo "2590"]
[Annotator "Gurevich,M"]
[PlyCount "122"]
[EventDate "1992.12.??"]
[EventType "tourn"]
[EventRounds "9"]
[EventCountry "NED"]
[EventCategory "14"]
[SourceTitle "CBM 034"]
[Source "ChessBase"]
[SourceDate "1993.06.01"]
[SourceVersion "1"]
[SourceVersionDate "1993.06.01"]
[SourceQuality "1"]

1. c4 e6 2. Nc3 Bb4 3. Qb3 Nc6 (3... a5 {Kasparov,G-Rozentalis,E/Debrecen/1992/
}) (3... Ba5 $5 4. g3 c5 5. Bg2 Nc6 6. Nf3 Nge7 7. O-O O-O 8. Rd1 d5 9. d4 dxc4
10. Qxc4 cxd4 11. Bf4 Bb6 12. Nb5 Nf5 13. e3 Bd7 14. exd4 Rc8 15. Qe2 a6 16.
Nd6 Ncxd4 $15 {Miles,A-Oll,L/Sydney Cepacol/1991/}) 4. Nf3 Nf6 5. a3 Bxc3 (5...
Be7 $5 6. d4 d5 7. Bg5 O-O 8. cxd5 Nxd5 9. Bxe7 Ncxe7 10. e3 b6 11. Be2 Bb7 $10
{Pavlovic,M-Maksimovic,B/JUG-ch/1991/}) 6. Qxc3 d6 7. d4 Qe7 8. g3 e5 9. d5 Nb8
10. Bg2 O-O 11. O-O h6 (11... c6 $5 12. dxc6 Nxc6 13. b4 Be6 14. b5 $5 Nb8 15.
c5 $14) 12. b4 $5 b5 (12... c6 13. dxc6 Nxc6 14. b5 Nb8 15. c5 $16) 13. cxb5 a6
(13... Nxd5 14. Qc2 Be6 15. Rd1 $16) 14. Nd2 $5 axb5 15. Bb2 Bb7 16. Qd3 Nbd7
17. Rac1 Nb6 18. e4 $14 {/\ 19.f4} Rfd8 (18... Rfc8 19. Bh3 $16) 19. f4 Ne8 $5
20. Bh3 Ba6 21. Rf2 Nc4 22. Nxc4 bxc4 23. Qc3 Bb5 24. Bf1 $5 $16 (24. fxe5 dxe5
25. Qxe5 Qxe5 26. Bxe5 Rxa3 27. Bf1 Nd6 28. Bxd6 cxd6 29. Bxc4 Bxc4 30. Rxc4
Rb3 $14) 24... Nf6 25. Re1 c6 26. Bxc4 Bxc4 27. Qxc4 cxd5 28. exd5 Rdc8 29. Qb3
Qa7 30. Kg2 Qb7 31. fxe5 Nxd5 32. Qf3 dxe5 33. Rxe5 Rd8 34. Kg1 f6 35. Re4 Qa7
36. h4 Qa4 37. Kh2 Rac8 38. Ree2 Qb5 39. Qg4 (39. Re6 $5 $16) 39... Kh8 40. Qg6
Re8 41. Rd2 $6 (41. Qh5 $16) 41... Qb7 $1 {/\ 42..Ne3 <=>} 42. Bd4 $2 (42. Qh5
Ne3 43. Qf3 $16) 42... Re1 {/\ 43...Rh1 44.Kh1 Nf4+} 43. Rg2 Ne7 $1 44. Qh5 (
44. Qg4 $142) 44... Rcc1 $132 45. Rg1 $2 (45. Bg1 $142 Nc6 $5 46. Qf3 Qc7 $132
{/\ 47...Ne5}) 45... Qe4 $1 46. Bxf6 $5 $8 Qe3 (46... Rxg1 $2 47. Qxh6+ Qh7 48.
Rd8+ Ng8 49. Bxg7#) (46... Ng8 $3 47. Bxg7+ (47. Bd4 Rxg1 48. Bxg1 Rxg1 49.
Kxg1 Qe1+ $19) (47. Rd8 Rc2+ 48. Kh3 Qe6+ $19) 47... Kxg7 $19 {/\ 48...Nf6} 48.
Rd7+ Ne7) 47. Rxe1 Rxe1 48. Bxg7+ Kxg7 49. Rg2 Qe4 $2 $138 (49... Qc1 $1 50.
Qg4+ Kh7 51. Rf2 Rh1+ 52. Kg2 Qg1+ 53. Kf3 Qd1+ 54. Re2 Ng6 {/\ 55...Ne5+} 55.
Qe4 h5 $1 $17) 50. Qc5 Nc6 51. Qc2 $1 $10 Nd4 52. Qxe4 Rxe4 53. Rb2 Re3 54. b5
Rxa3 55. b6 Ra8 56. Rb4 Nf5 57. Rf4 Ne7 58. Rb4 Rb8 59. b7 Nc6 60. Rc4 Rxb7 61.
Rxc6 Rb4 1/2-1/2

[Event "Jakarta Gunadarma"]
[Site "Jakarta"]
[Date "1996.??.??"]
[Round "1"]
[White "Gurevich, Mikhail"]
[Black "Torre, Eugenio"]
[Result "0-1"]
[WhiteElo "2605"]
[BlackElo "2535"]
[Annotator "Gurevich,M"]
[PlyCount "76"]
[EventDate "1996.10.15"]
[EventType "tourn"]
[EventRounds "9"]
[EventCountry "INA"]
[EventCategory "13"]
[SourceTitle "CBM 056"]
[Source "ChessBase"]
[SourceDate "1997.02.01"]
[SourceVersion "1"]
[SourceVersionDate "1997.02.01"]
[SourceQuality "1"]

1. d4 {Kanstler,B} Nf6 2. c4 e6 3. Nc3 Bb4 4. Qc2 Nc6 5. Nf3 d6 6. Bg5 h6 7.
Bd2 (7. Bh4 $2 {Kanstler,B} g5 8. Bg3 g4 $17) 7... O-O (7... Qe7 {Kanstler,B}
8. e3 e5 9. d5 Bxc3 10. Bxc3 Nb8 11. Be2 O-O 12. h3 c6 13. dxc6 Nxc6 14. O-O
$14 {Finegold,B-Sosonko,G Amsterdam II 1989 48/(737)}) 8. a3 Bxc3 9. Bxc3 Qe7
10. g3 (10. e3 {Kanstler,B} a5 (10... e5 11. d5 Nb8 12. Nd2 Nbd7 13. Be2 $14 {
Miles,A-Benjamin,J/USA-ch/1989/CBM 19/ [Ftacnik]}) 11. Be2 a4 12. h3 e5 13. d5
Nb8 14. g4 $13 {Finegold,B-Benjamin,J USA-ch 1994 62/555 0:1 35}) 10... e5 (
10... a5 11. Bg2 e5 12. d5 Nb8 13. O-O Nbd7 14. e4 Nc5 15. Nd2 a4 16. f4 b6 17.
Rae1 $14 {0-1 Christiansen,Larry M-Orlov,Georgi/Ch USA, X, Key West (USA) (11)
1994 (69)}) 11. d5 e4 12. Nd2 e3 $5 (12... Ne5 13. Nxe4 Bf5 (13... Nxe4 14.
Qxe4 f5 15. Qe3 f4 16. gxf4 Rxf4 17. b3 $16) 14. Bg2 (14. Nxf6+ Qxf6 $132 15.
e4 Nf3+ 16. Ke2 Nd4+ 17. Bxd4 Bg4+ 18. Ke1 Qxd4 $17) 14... Kh8 $5 $44) 13. fxe3
(13. dxc6 exd2+ 14. Bxd2 bxc6 15. Bg2 Re8 16. O-O Ne4 $13) 13... Ne5 (13... Ng4
14. dxc6 Nxe3 (14... Qxe3 15. O-O-O (15. Qe4 $2 Qf2+ 16. Kd1 Ne3+ 17. Kc1 Qe1#)
15... Nf2 16. Bg2 $16) 15. Qe4 $1 (15. Qd3 Bf5 $17) (15. Qa4 Re8 $1 (15... Bf5
16. cxb7 Rab8 17. Rc1 Rxb7 18. Bd4 c5 19. Bxe3 Qxe3 20. Rc3 $16) 16. Kf2 Ng4+
$40) 15... Qxe4 16. Nxe4 Nc2+ 17. Kf2 $1 Nxa1 18. Nd2 $1 Nc2 (18... bxc6 19.
Bg2 Nc2 20. Bxc6 Rb8 21. Rc1 $14) 19. Bg2 Rb8 20. Rc1 $14) 14. e4 Bg4 (14...
Nfg4 15. Bd4 c5 16. Bg1 $14 f5 17. h3 Nf6 (17... fxe4 18. hxg4 Nd3+ 19. Kd1
Bxg4 20. Qc3 $16) 18. exf5 Nh5 19. g4 $16) (14... Nfg4 $132 {Kanstler,B}) 15.
Bg2 c6 16. Nf3 $5 Nfd7 (16... Nxc4 17. Bxf6 Ne3 18. Bxe7 Nxc2+ 19. Kf2 Nxa1 20.
Bxf8 $18) 17. O-O $5 Rfe8 (17... Nxc4 18. Bxg7 Ne3 19. Qc3 (19. Bxf8 {Kanstler,
B}) 19... Nxf1 20. Bxh6 $36) (17... Rac8 $5) 18. h3 Bh5 19. Nd4 (19. Nxe5 Nxe5
20. c5 cxd5 (20... dxc5 $2 21. Rf5) 21. cxd6 Qxd6 22. exd5 Nc4 $132) 19... Bg6
(19... Qg5 20. Nf5 Nxc4 21. h4 Qg4 22. Bxg7 $16) (19... Nxc4 $2 {Kanstler,B}
20. Nf5 $16) 20. dxc6 Nxc6 (20... bxc6 21. b3 {/\22.Nf5}) 21. Nf5 Bxf5 22. exf5
(22. Rxf5 Nde5 $44 (22... Nc5 $2 {Kanstler,B} 23. e5 Nxe5 24. Bxe5 dxe5 25. Bd5
$16)) 22... Qe3+ $1 (22... Qxe2 23. Qxe2 Rxe2 24. Rad1 Nde5 25. Rf4 Rd8 26. Bf1
Rc2 27. Rf2 $16) 23. Kh2 (23. Rf2 Qxg3 $132) 23... Qxe2 24. Qxe2 (24. Qd1 Qxc4
25. Qxd6 Nde5 $132) 24... Rxe2 25. Rae1 Rae8 26. Rxe2 Rxe2 27. Kg1 (27. Rd1
Nde5 $132) 27... Nb6 $5 (27... Nde5 28. Rd1 Nxc4 29. Bf1 Re4 30. Bxc4 Rxc4 31.
Rxd6 $14) 28. Rd1 Na4 (28... Nxc4 {Kanstler,B} 29. Bf1 Re4 30. Bd3 Ne3 $8 31.
Re1 Re7 32. f6 gxf6 33. Bd2 Nd5 34. Rxe7 Ndxe7 35. Bxh6 $13) 29. Rxd6 Nxc3 30.
bxc3 Re3 31. Kf2 Rxc3 32. Bd5 (32. Bxc6 {Kanstler,B} bxc6 33. Rxc6 Rxa3 $10) (
32. Rd7 $5 {Kanstler,B}) 32... Ne7 $5 (32... Ne5 33. Rd8+ Kh7 34. Re8 f6 35.
Bg8+ Kh8 36. h4 $36) (32... Rxa3 $2 {Kanstler,B} 33. Rd7 $16) 33. Rd8+ Kh7 34.
Bxf7 (34. Rd7 Nxd5 35. cxd5 Rxa3 $10) 34... Nxf5 35. g4 Ne3 36. Rd6 g5 $8 (
36... Nxc4 $2 37. Bg6+ Kg8 38. Rd8#) 37. Rd7 Kg7 (37... Rxa3 {Kanstler,B} 38.
Rxb7 Kg7 39. c5 $14) 38. Rxb7 Kf6 $138 {+/=} (38... Kf6 39. Rxa7 Nxc4 40. a4
$14) 0-1

[Event "BEL-chT 0304"]
[Site "Belgium"]
[Date "2004.01.11"]
[Round "6.1"]
[White "Gurevich, Mikhail"]
[Black "Winants, Luc"]
[Result "1/2-1/2"]
[WhiteElo "2656"]
[BlackElo "2498"]
[Annotator "Gurevich,M"]
[PlyCount "102"]
[EventDate "2003.10.01"]
[EventType "team"]
[EventRounds "11"]
[EventCountry "BEL"]
[SourceTitle "CBM 099"]
[Source "ChessBase"]
[SourceDate "2004.03.30"]
[SourceVersion "1"]
[SourceVersionDate "2004.03.30"]
[SourceQuality "1"]
[WhiteTeam "Boitsfort"]
[BlackTeam "Liege"]
[WhiteTeamCountry "BEL"]
[BlackTeamCountry "BEL"]

1. Nf3 Nf6 2. c4 e6 3. Nc3 Bb4 4. Qc2 d6 5. d4 Nc6 6. Bd2 O-O 7. a3 Bxc3 8.
Bxc3 Re8 9. e3 (9. Rd1 Qe7 10. b4 e5 11. d5 Nb8 12. e4 Bg4 13. Be2 Nbd7 14. Nh4
Bxe2 15. Nf5 Qf8 16. Kxe2 (16. Qxe2 $5) 16... Nh5 17. Bd2 Nf4+ 18. Kf1 g6 19.
Ne3 c5 20. g3 Nh5 21. Kg2 $14 {0-1 Bareev,E-Timman,J/Wijk aan Zee NED 2004/The
Week in Chess 481 (40)}) (9. e4 e5 10. d5 {1/2-1/2 Jensen,S-Hessselberg,L/
Copenhagen 2003/CBM 95 ext (30)} Nd4 $5 $132) 9... e5 10. d5 Ne7 11. e4 $5 {TN}
(11. Bd3 c6 12. dxc6 bxc6 13. O-O Ng6 14. h3 Qe7 15. Bxg6 hxg6 16. c5 Bf5 17.
cxd6 Qxd6 18. Rfd1 Qc7 19. Qa4 $14 {Lautier,J-Piket,J Groningen 1995 1/2-1/2 
(42)}) 11... Rf8 $5 {[/\12...Nh5,13...f5<=>>>]} 12. Bd3 Nh5 13. g3 f5 14. exf5
(14. O-O-O $5) 14... Bxf5 15. Ng5 Qd7 16. f4 $5 (16. Bxf5 Qxf5 17. Qxf5 Rxf5
18. Ne6 Nf6 $8 19. g4 $1 (19. Nxc7 Rc8 20. Nb5 Ne4 $1 $132) 19... Rf3 (19...
Nxg4 20. Rg1) 20. Ke2 Rh3 (20... e4 21. Ng5 Rf4 22. h3 $14) 21. Ng5 Rh6 22. h3
Rg6 23. Bd2 $14) 16... exf4 17. O-O-O $44 Ng6 $5 18. Rhe1 {[/\19.Ne6]} Bxd3 19.
Rxd3 (19. Qxd3 Qf5 20. Ne6 Qxd3 21. Rxd3 Rf7 $13) 19... Qf5 20. Ne6 Rf7 21. Qd1
$5 fxg3 22. hxg3 Nf6 23. Rf3 Qg4 24. Qd3 Re8 $5 25. Kc2 $6 $138 (25. Rf5 $1 {
(/\26.Rg5|^>>)} h6 26. Ref1 $40) (25. Ref1 $5 Ne5 26. Bxe5 dxe5 27. Rf5 $44)
25... Ree7 26. Qe2 c6 27. dxc6 $6 (27. Bxf6 Rxf6 28. Rxf6 Qxe2+ 29. Rxe2 gxf6
30. Kc3 $44) 27... bxc6 28. Re3 Qf5+ 29. Kb3 Ng4 30. Re4 N4e5 $17 31. Nf4 Rb7+
$6 (31... Nxf4 32. Rxf4 (32. gxf4 Ng6 $17) 32... Qg6 33. Ka2 Nd3 $1 $17) 32.
Ka2 c5 33. Nd5 Qf3 34. Nf4 Qxe2 (34... Qxg3 35. Nxg6 Qxg6 (35... Nxg6 36. Re8+
$40) 36. Bxe5 dxe5 37. Rxe5 $36) 35. R1xe2 h6 $6 $138 (35... Nxf4 36. gxf4 Ng6
37. Re8+ Rf8 (37... Nf8 38. Bd2 $44) 38. f5 $44) 36. Nxg6 Nxg6 37. Re6 Ne5 (
37... Rfe7 38. Rxe7 Rxe7 39. Rd2 Re6 40. b4 $132 (40. Kb3 Ne5)) 38. Rxd6 (38.
Bxe5 dxe5 39. R6xe5 Rbc7 40. R2e3 $13) 38... Nxc4 39. Rc6 Rfc7 40. Ra6 Nb6 41.
Re8+ Kh7 (41... Kf7 $142) 42. Re5 Rc6 43. a4 $5 $44 Rbc7 (43... Rg6 44. Rxc5
Rxg3 45. Rca5 (45. a5 Na4 $19) 45... Nc4 46. Rc5 $44) 44. Kb3 $5 {/\45.a5|^<<}
Rb7 45. Kc2 Rc8 46. Ra5 Rbc7 47. Kb3 Kg8 48. Rf5 Kh7 49. Rb5 Kg6 50. Re5 Kf7
51. Ra5 Nd7 1/2-1/2

[Event "Bundesliga 0607"]
[Site "Germany"]
[Date "2006.11.17"]
[Round "7.7"]
[White "Knaak, Rainer"]
[Black "Reeh, Oliver"]
[Result "0-1"]
[WhiteElo "2486"]
[BlackElo "2445"]
[Annotator "Kortschnoj,V"]
[PlyCount "70"]
[EventDate "2006.10.28"]
[EventType "team-tourn"]
[EventRounds "15"]
[EventCountry "GER"]
[SourceTitle "CBM 116"]
[Source "ChessBase"]
[SourceDate "2007.02.01"]
[SourceVersion "1"]
[SourceVersionDate "2007.02.01"]
[SourceQuality "1"]
[WhiteTeam "Werder Bremen"]
[BlackTeam "Hamburger SK"]
[WhiteTeamCountry "GER"]
[BlackTeamCountry "GER"]

1. d4 Nf6 2. c4 e6 3. Nc3 Bb4 4. Qc2 Nc6 5. Nf3 d6 6. a3 {Another reasonable
alternative is 6.Bd2 and then a2-a3.} Bxc3+ 7. Qxc3 a5 8. b3 {This move was
rarely played. Instead 8.g3, 8.e3, 8.d5 were applied by White.} ({To my mind} 
8. Bg5 {looks very promising. After} h6 9. Bh4 g5 10. Bg3 (10. d5 gxh4 11. dxc6
e5 $13) 10... Ne4 11. Qc2 Nxg3 12. hxg3 g4 13. d5 gxf3 14. dxc6 fxe2 15. Bxe2
bxc6 16. Qc3 {White has good compensation for the sacrificed pawn.}) 8... O-O
9. Bb2 {Here, albeit it might look illogicaI, the best move, I think, is 9.Bg5,
although it had never been played - the pin of the knight f6 is pretty
unpleasant.} Qe7 10. e3 Re8 11. Bd3 $6 {An unlucky move. 11.Be2 with the idea
to castle short was better.} e5 12. d5 ({A standard idea here is} 12. dxe5 dxe5
13. Nd2 {White misses the reply of the opponent.}) 12... e4 $1 13. dxc6 {
The obvious move. More entertaining would be to play 13.Bf1!?; still with well
hidden hope to create an assault against the black king.} exd3 14. O-O-O {
White refuses to grab the pawn, offered by Black.} ({Certainly, after} 14. cxb7
Bxb7 15. Qxd3 Ne4 {Black would have had a strong compensation for it. But well,
Black is going anyway to seize the initiative...}) 14... bxc6 15. Rxd3 c5 16.
Nd2 Qf8 {After 16...Bf5 Black was rightfully afraid of the pawn sacrifice 17.
e4, what would for some time stop development of the black initiative.} 17. f3
Nd7 18. f4 $6 {Protecting himself agaginst the threat Ne5 White seriously
compromises his strongholds in the centre. He has had to play instead 18.Qc2,
also taking aim to move the knight -d2-b1-c3.} Bb7 19. Rg1 Nf6 20. g4 Ne4 $17
21. Nxe4 Bxe4 22. Rd2 Rab8 23. Rg3 {The white position is bad. He has no
active plan, whereas Black slowly but surely creats a pressure along the
b-file. With his last move White protects his e-pawn in order to take on a5 -
not a great idea, but otherwise he is lost anyway.} Rb6 24. Qxa5 Ra8 25. Qc3
Rab8 26. b4 cxb4 27. axb4 Rxb4 28. c5 Rb3 $19 29. Qa5 R8b5 (29... Ra8 30. Qxc7
Ra1+ $19) 30. Qa1 Qb8 31. h4 Rxc5+ 32. Kd1 Rd5 33. Bc1 Rxd2+ 34. Kxd2 Qb4+ 35.
Kd1 Qc4 0-1

[Event "EU-chT (Men) 19th"]
[Site "Warsaw"]
[Date "2013.11.11"]
[Round "4.2"]
[White "Mchedlishvili, Mikheil"]
[Black "Papaioannou, Ioannis"]
[Result "1/2-1/2"]
[WhiteElo "2631"]
[BlackElo "2639"]
[Annotator "Krasenkow,M"]
[PlyCount "66"]
[EventDate "2013.11.08"]
[EventType "team-swiss"]
[EventRounds "9"]
[EventCountry "POL"]
[SourceTitle "CBM 158"]
[Source "ChessBase"]
[SourceDate "2014.01.16"]
[SourceVersion "1"]
[SourceVersionDate "2014.01.16"]
[SourceQuality "1"]
[WhiteTeam "Georgia"]
[BlackTeam "Greece"]
[WhiteTeamCountry "GEO"]
[BlackTeamCountry "GRE"]

1. d4 Nf6 2. c4 e6 3. Nc3 Bb4 4. Qc2 Nc6 5. Nf3 d6 {[%cal Ye6e5]} 6. Bd2 {
White prepares e2-e4 or a2-a3, ready to meet ...Bb4xc3 with Bd2xc3.} e5 (6...
O-O 7. a3 Bxc3 8. Bxc3 {is more popular but the text move leads to a very
simple, closed position, in which White's bishops are useless.}) 7. d5 Bxc3 8.
Bxc3 Ne7 9. e4 O-O 10. Be2 {Practice has seen other moves but neither of them
promises White any advantage:} (10. Nh4 Nh5 11. g3 f5 12. Be2 Qe8 13. Bd2 fxe4
14. Qxe4 Nf6 15. Qc2 Bh3 $36 {1-0 (56) Sultan Khan,M-Milner Barry,P Cambridge
1932}) (10. g3 Ne8 11. Bg2 f5 12. exf5 Bxf5 13. Qd2 Be4 14. Qe2 Nf6 15. O-O Ng6
16. Rae1 Qc8 17. Ng5 Bxg2 18. Kxg2 c6 19. dxc6 Qxc6+ 20. f3 {1/2 (20)
Kharitonov,A (2507)-Andreikin,D (2532) Sochi 2007}) (10. Bd3 a5 11. O-O-O Nd7
12. Nd2 c6 13. f3 Nc5 14. Be2 f5 $132 {0-1 (65) Andersson,J (2175)-Tolonen,L 
(2335) Espoo 1996}) (10. O-O-O Nh5 11. g3 f5 12. Nd2 fxe4 13. Nxe4 Bf5 14. Bd3
Qe8 15. f3 Nf6 16. Rhf1 Qg6 $132 {0-1 (32) Hahn,E-Unzicker,W Weidenau 1947})
10... Ng6 (10... Ne8 $5 11. O-O (11. h3 f5 12. exf5 Bxf5 13. Bd3 Bxd3 14. Qxd3
Ng6 15. g3 Qf6 16. Ke2 e4 17. Qxe4 Ne5 18. Bxe5 dxe5 $36 {[%cal Re8d6] 0-1 (35)
Idrisova,R (2120)-Tarlev,K (2484) Anapa 2010}) (11. Nd2 f5 12. exf5 Bxf5 13.
Bd3 Bxd3 14. Qxd3 Nf6 15. Qh3 Ng6 16. g3 Qe8 17. O-O b5 {1/2 (17) Ree,H (2440)
-Unzicker,W (2430) Amsterdam 1994}) 11... f5 12. Nd2 Ng6 13. g3 Qg5 14. Nf3 Qe7
15. Bd2 h6 16. Kg2 fxe4 17. Qxe4 Bf5 18. Qe3 Qd7 19. Ng1 Nf6 $132 {1/2 (51)
Kruglyakov,P (2336)-Melnichuk,M (2216) Kiev 2007}) 11. g3 h6 (11... a5 12. h4
Bg4 13. Nh2 Bxe2 14. Qxe2 h6 15. h5 Ne7 16. f4 Nd7 17. Nf3 f6 18. Rd1 Nc5 19.
O-O Qd7 20. f5 Rfb8 21. Be1 {1/2 (21) Averbakh,Y-Petrosian,T Yerevan 1965}) (
11... Bh3 12. Ng5 Bd7 13. h4 h6 14. Nf3 Bg4 15. Ng1 Re8 16. Bxg4 Nxg4 17. f3
Nf6 18. Ne2 c6 19. Qb3 Qc7 20. Bd2 {1/2 (20) Alterman,B (2615)-Graf,A (2625)
Recklinghausen 1998}) 12. Nd2 Bh3 13. O-O-O c6 {[%mdl 32] Black has forced his
opponent to castle long and now starts paving the way towards his king.} 14. f3
Rc8 15. Kb1 cxd5 16. cxd5 Nd7 17. Nc4 Nc5 18. Ne3 Bd7 19. Qd2 Ne7 20. g4 {
White tries to start his own play but this move weakens the f4-square.} Ng6 $1
21. Ng2 Nh4 22. Nxh4 Qxh4 23. Qe3 b6 24. Be1 Qe7 25. Rc1 (25. h4 Qe8 {[%cal
Yd7b5]}) 25... a5 26. Bf2 Rc7 27. Qd2 Rfc8 28. h4 Qe8 29. Be3 Bb5 30. Rhg1 {
White can't break through on the kingside:} (30. g5 h5) (30. h5 f6) 30... Kh7
31. Rh1 Kg8 {Black can't improve his position either: he hasless space on the
board after all. Therefore the players decide to repeat moves.} 32. Rhg1 Kh7
33. Rh1 Kg8 1/2-1/2

[Event "Dortmund 45th"]
[Site "Dortmund"]
[Date "2017.07.23"]
[Round "7"]
[White "Wojtaszek, Radoslaw"]
[Black "Nisipeanu, Liviu Dieter"]
[Result "1-0"]
[WhiteElo "2736"]
[BlackElo "2683"]
[Annotator "Krasenkow,M"]
[PlyCount "81"]
[EventDate "2017.07.15"]
[EventType "tourn"]
[EventRounds "7"]
[EventCountry "GER"]
[EventCategory "19"]
[SourceTitle "CBM 180"]
[Source "ChessBase"]
[SourceDate "2017.09.13"]
[SourceVersion "1"]
[SourceVersionDate "2017.09.13"]
[SourceQuality "1"]

1. d4 Nf6 2. c4 e6 3. Nc3 Bb4 4. Qc2 d6 5. Bd2 Nc6 6. Nf3 O-O 7. a3 Bxc3 8.
Bxc3 Qe7 {[%cal Ye6e5] The key to Black's plan started with 4...d6.} 9. e3 a5 (
9... e5 {is possible at once but Black needn't hurry.}) 10. Be2 {White doesn't
fear ...a5-a4} ({but} 10. b3 {is a common continuation, too.}) 10... e5 11.
dxe5 {Logical: White, possessing the bishop pair, opens up the position.} (11.
d5 {is another plan}) ({White can simply play} 11. O-O {but then he must
reckon with} Bg4) 11... dxe5 12. h3 {Preventing ...Bc8-g4.} (12. O-O {is quite
good, though. The point is that in the event of} Bg4 {White can continue} 13.
h3 Bh5 14. Nxe5 $1 Nxe5 15. Bxh5 Nxh5 16. Qf5 Nxc4 17. Qxh5 {keeping a small
edge (B vs N), e.g.} f5 18. Rad1 c6 19. Rd4 $14 {1/2 (72) Nolte,R (2460)
-Bersamina,P (2206) Tagaytay City 2013}) 12... Rd8 {And this move prevents the
manoeuvre Be2-d3-e4.} (12... a4 {is hardly useful for Black:} 13. O-O Nd7 (
13... Re8 14. Nd2 (14. Rfd1 Nd7 15. Rd5 f6 16. Rad1 Nc5 17. Nh4 Be6 18. Bg4 $1
$14 {1-0 (41) Bonneville,J (2048)-Riff,J (2460) St Chely d'Aubrac 2007}) 14...
Bd7 15. Rfd1 g6 16. Ne4 Bf5 17. Nxf6+ Qxf6 18. Bd3 Be6 19. b4 $1 axb3 20. Qxb3
Rab8 21. Be4 $14 {1/2 (55) Flohr,S-Tartakower,S Groningen 1946 MCL [ChessBase]}
) 14. Bd3 (14. Nd2 f5 15. Rfd1 {1-0 (42) Speelman,J (2600)-Orlov,G (2510) New
York 1994} Nc5 $11) 14... g6 15. Be4 Nd8 16. Bb4 Nc5 17. Ne1 c6 18. Nd3 b6 19.
Nxc5 bxc5 20. Bc3 $14 {1-0 (45) Salomon,J (2488)-Fenil,S (2267) Sitges 2017}) (
12... Re8 13. Rd1 (13. g4 Nd7 14. O-O a4 15. Nd2 e4 16. Kg2 Nf8 17. Rae1 Ng6
$132 {0-1 (66) O'Kelly de Galway,A-Kieninger,G Oldenburg 1949}) (13. O-O $5 e4
14. Nd4) 13... e4 14. Nd4 Ne5 15. Nb5 Bf5 16. O-O h6 17. Rd2 $14 {1-0 (26) Di
Domenico,G (1266)-Klutz,J (1393) IECC 2009}) (12... g6 13. Bd3 $5 (13. b3 Bf5
14. Qb2 Rfe8 15. O-O Ne4 $10 {0-1 (59) Van Scheltinga,T-Reshevsky,S Amsterdam
1950 MCL [Ftacnik,L]})) 13. O-O (13. Bd3 $2 Rxd3 14. Qxd3 e4 15. Bxf6 gxf6) (
13. Nd2 $2 Nd4 $1 14. Bxd4 exd4 15. e4 Bf5 $1 16. f3 Nh5 $19 {0-1 (30)
Benvenuti,G-Prucha,K Venice 1949}) 13... e4 14. Nd4 $14 {[%csl Gc3]} Nxd4 (
14... Ne5 15. b4 Bd7 16. Rfd1 c5 17. bxc5 Qxc5 18. Rab1 Qxa3 19. Nb3 $1 Re8 20.
Ra1 Qe7 21. Rxa5 $14 {1/2 (91) Enricci,J (2410)-Cilloniz Razzeto,A (2301) ICCF
WS 2006}) 15. Bxd4 c5 16. Bc3 a4 {This queenside blockade is unsuccessful as
major events take place on the other flank.} 17. f4 $1 {[%mdl 160]} Bd7 ({
It was probably better to accept the pawn sac:} 17... exf3 18. Bxf3 Qxe3+ 19.
Kh1 {although White has excellent compensation here.}) 18. f5 Bc6 19. Rf4 Rd6
20. Raf1 Rad8 21. Qc1 {[%cal Yc1e1,Yg2g4,Ye1g3]} Nd7 $6 {An understandable
mistake. Black has no counterplay at all but he can't just sit and watch
White's kingside progress.} 22. f6 $1 {[%mdl 512] The f-file opens up, and
White's attack becomes irresistible.} Nxf6 (22... Rxf6 23. Bxf6 Nxf6 {is
hopeless in the long run.}) 23. Qe1 {[%cal Ye1h4]} Ne8 (23... Re6 {[%cal Yd8d6]
was probably more stubborn. A possible continuation:} 24. Qg3 Qc7 (24... Rdd6
$2 25. Bxf6 Rxf6 26. Rxf6 Rxf6 27. Rxf6 Qxf6 28. Qb8+) 25. Qh4 Rdd6 26. Bg4
Nxg4 27. Rxf7 Qxf7 28. Rxf7 Kxf7 29. Qxg4 Rg6 30. Qf5+ Kg8 31. Qxc5 $16) 24.
Rxf7 $1 Qxf7 25. Rxf7 Kxf7 26. Qg3 $16 {Black's rooks are badly restricted by
White's powerful bishops.} Nf6 27. Qe5 Rd2 {Desperation.} (27... b6 28. g4 $1 {
[%cal Yg4g5] etc.}) 28. Bxd2 Rxd2 29. Kf1 {The rest is quite easy.} Rc2 30. Ke1
Rc1+ 31. Kd2 Rg1 32. g4 h6 33. h4 g5 34. hxg5 hxg5 35. Qxg5 Bd7 36. Qxc5 Bxg4
37. Bxg4 Rxg4 38. Qc7+ Ke6 39. Qxb7 Rg2+ 40. Kc3 Re2 41. Qc8+ {The whole line
is probably unfavourable for Black.} 1-0

[Event "Gibraltar Masters 10th"]
[Site "Caleta"]
[Date "2012.01.26"]
[Round "3"]
[White "Erdos, Viktor"]
[Black "Khurtsidze, Nino"]
[Result "1/2-1/2"]
[WhiteElo "2634"]
[BlackElo "2444"]
[Annotator "Let's Check"]
[PlyCount "86"]
[EventDate "2012.01.24"]
[EventType "swiss"]
[EventRounds "10"]
[EventCountry "GGB"]
[SourceTitle "CBM 147"]
[Source "ChessBase"]
[SourceDate "2012.03.16"]
[SourceVersion "1"]
[SourceVersionDate "2012.03.16"]
[SourceQuality "1"]

1. d4 Nf6 2. c4 Nc6 3. Nf3 e6 4. Nc3 Bb4 5. Qc2 O-O 6. Bg5 d6 7. e3 h6 8. Bh4
e5 9. d5 Nb8 10. Nd2 c6 11. Be2 g5 12. Bg3 cxd5 13. Nxd5 Nxd5 14. cxd5 Qf6 15.
O-O Bf5 16. Ne4 Qg6 17. Qb3 Na6 18. Bxa6 bxa6 19. Qxb4 Bxe4 20. f3 Bd3 21. Rfc1
f5 22. Rc6 Rf6 23. Rac1 Raf8 24. f4 Be4 $2 (24... exf4 25. exf4 Re8) 25. fxe5
$18 dxe5 26. Bxe5 Rxc6 27. dxc6 Qe6 28. c7 Rc8 29. Rd1 Qxe5 30. Rd8+ Kh7 31.
Rxc8 Bb7 32. Qxb7 $2 (32. Rh8+ $1 $18) 32... Qxe3+ $11 33. Kf1 Qd3+ 34. Ke1
Qe3+ 35. Kd1 Qd3+ 36. Kc1 Qc4+ 37. Kd2 Qd4+ 38. Ke2 Qc4+ 39. Ke1 Qc1+ 40. Ke2
Qc4+ 41. Ke3 f4+ 42. Kd2 Qd4+ 43. Ke2 Qe3+ 1/2-1/2